000 00616cab a2200205 4500
001 ABS44340
008 090401t1991 xxu||||| |||| 00| 0 eng d
035 _a(Sirsi) u46663
041 _aeng
100 _aBaird, A.
245 _aHave you made your `kink test` election?
260 _c1991
350 _a0
490 _aCountry Landowner
_vMarch 1991, 32(1)
520 _aDescribes the " kink testing " method for working out CGT computations when disposing of land acquired before 31 March 1982. Gives examples.
650 _aCAPITAL GAINS TAX
690 _aTAXATION
942 _n0
948 _c04/03/1997
999 _c29506
_d29506